| 000 | 00550naa a2200169 a 4500 | ||
|---|---|---|---|
| 005 | 20210223120404.0 | ||
| 008 | 991125s1990 mx 000 0 spa u | ||
| 035 | _aUPN01000000003 | ||
| 049 | _aCG | ||
| 050 | 4 |
_aQA276.4 _bP4.88 |
|
| 100 | 1 | _aPerson, Ron | |
| 245 | 1 | 0 |
_a1-2-3 en el mundo de la estadística : _bmanual de fórmulas de aplicaciones prácticas / _cRon Person ; tr. Jorge Tamayo. |
| 260 |
_aMéxico : _bMacrobit, _c1990. |
||
| 300 | _a1 v. (en varias paginaciones) | ||
| 650 | 4 |
_aLOTUS 1-2-3 (PROGRAMA PARA COMPUTADORA) _910705 |
|
| 905 | _aLibro | ||
| 999 |
_c3 _d3 |
||